Countries with Palestinian embassies - Statistics

General Stats
  • This quiz has been taken 88 times
  • The average score is 61 of 77
Answer Stats
Continent Country % Correct
Asia Iran
95%
Asia/ Europe Russia
95%
Asia Iraq
94%
Africa Algeria
92%
South America Argentina
92%
South America Brazil
92%
Asia China
92%
Africa Egypt
91%
Asia Indonesia
91%
Asia Qatar
91%
Asia/ Europe Turkey
91%
Asia Yemen
91%
South America Chile
89%
Asia Oman
89%
Asia Pakistan
89%
Africa Tunisia
89%
Asia India
88%
Asia Jordan
88%
Asia United Arab Emirates
88%
Europe Albania
86%
Asia Bahrain
86%
Asia Kuwait
86%
Africa Morocco
86%
Africa Nigeria
86%
Asia Syria
86%
Asia Lebanon
85%
Africa Libya
85%
Asia Azerbaijan
83%
Asia Bangladesh
83%
Asia Saudi Arabia
83%
South America Venezuela
83%
Africa Angola
82%
Europe Bosnia and Herzegovina
82%
Europe Bulgaria
80%
North America Cuba
80%
Asia Malaysia
80%
Africa Sudan
80%
South America Peru
78%
Europe Belarus
77%
Africa Ethiopia
77%
Europe Hungary
77%
Africa Mauritania
77%
Europe Sweden
77%
South America Ecuador
75%
Africa Mali
75%
Europe Poland
75%
Africa South Africa
75%
Asia Uzbekistan
75%
Africa Zimbabwe
75%
Africa Guinea
74%
Asia Kazakhstan
74%
Europe Romania
74%
Africa Senegal
74%
Asia Vietnam
74%
Africa Zambia
74%
Europe Cyprus
72%
Asia North Korea
72%
Europe Serbia
72%
South America Uruguay
72%
Asia Brunei
71%
Africa Ghana
71%
Africa Republic of the Congo
71%
Europe Slovakia
71%
Europe Czech Republic
69%
Europe Spain
69%
Africa Djibouti
68%
Africa Mozambique
68%
Africa Namibia
68%
Africa Tanzania
68%
Asia Turkmenistan
68%
Africa Guinea Bissau
66%
Europe Vatican City
65%
North America Nicaragua
63%
Asia Sri Lanka
63%
Europe Malta
57%
Africa Gabon
52%
Africa Ivory Coast
48%
No matching quizzes found
Score Distribution
Percent of People with Each Score
Percentile by Number Answered
Your Score History
You have not taken this quiz